Normal view
MARC view
- Information Security - Sensors Data
Entry Topical Term
001 - CONTROL NUMBER
- control field: 35073
003 - CONTROL NUMBER IDENTIFIER
- control field: NUST
005 - DATE AND TIME OF LATEST TRANSACTION
- control field: 20201110143310.0
008 - FIXED-LENGTH DATA ELEMENTS
- fixed length control field: 201110|| aca||aabn | a|a d
040 ## - CATALOGING SOURCE
- Original cataloging agency: NUST
- Transcribing agency: NUST
150 ## - HEADING--TOPICAL TERM
- Topical term or geographic name entry element: Information Security - Sensors Data
670 ## - SOURCE DATA FOUND
- Source citation: Work cat.: (NUST): Yaseen, Muhammad 35072, Sensors Date Acquisition and Transmission Protection in Ehealthcare System, 2017.
